[Event "Weekend Vitinia"]
[Site "Roma ITA"]
[Date "1998.11.??"]
[Round "5"]
[White "De Carolis, Massimo"]
[Black "Guarnieri, Giuseppe"]
[Result "1-0"]
[WhiteElo "1726"]
[BlackElo "1813"]
[PlyCount "89"]
[EventDate "1998.11.07"]

1. e4 c5 2. Nf3 d6 3. d4 cxd4 4. Nxd4 Nf6 5. Nc3 g6 6. Be3 Bg7 7. f3 O-O 8. Qd2
Nc6 9. O-O-O Bd7 10. g4 Ne5 11. Be2 Rc8 12. h4 h5 13. gxh5 Nxh5 14. Rdg1 Nc4
15. Bxc4 Rxc4 16. Nce2 Qc7 17. Ng3 Rc8 18. c3 Qa5 19. Kb1 Nxg3 20. Rxg3 b5 21.
a3 Rb8 22. h5 b4 23. axb4 Qe5 24. Rg5 Qf6 25. hxg6 Rxd4 26. cxd4 Qxf3 27. gxf7+
Kf8 28. Rh8+ Bxh8 29. Rg8+ Kxf7 30. Rxb8 Qxe4+ 31. Ka2 Be6+ 32. Ka3 Bg7 33. Rb5
Qc6 34. Ra5 Qh1 35. d5 Bg4 36. Qf2+ Bf6 37. Qg1 Qe4 38. Qc1 Qd3+ 39. Ka2 Bf3
40. Qd2 Bxd5+ 41. Rxd5 Qc4+ 42. Kb1 Qe4+ 43. Ka1 Qh1+ 44. Qd1 Qf3 45. Qxf3 1-0

[Event "Weekend Vitinia"]
[Site "Roma ITA"]
[Date "1998.11.??"]
[Round "5"]
[White "Ferri, Stefano"]
[Black "Spano' Cuomo, Gaetano"]
[Result "1-0"]
[WhiteElo "2090"]
[BlackElo "1776"]
[PlyCount "109"]
[EventDate "1998.11.07"]

1. d4 Nf6 2. c4 g6 3. Nc3 Bg7 4. Nf3 d6 5. g3 O-O 6. Bg2 Nbd7 7. O-O c6 8. e4
e5 9. h3 Qe7 10. d5 c5 11. Be3 a6 12. Rb1 Kh8 13. b4 b6 14. Qd2 Ng8 15. bxc5
bxc5 16. Rb3 Rb8 17. Rfb1 Rxb3 18. Rxb3 f5 19. Kh2 fxe4 20. Nxe4 Ndf6 21. Nh4
Nxe4 22. Bxe4 Bf5 23. Bxf5 gxf5 24. Nf3 f4 25. gxf4 exf4 26. Bxf4 Qe4 27. Kg3
Nf6 28. Bxd6 Qg6+ 29. Kh2 Ne4 30. Bxf8 Nxd2 31. Bxg7+ Kxg7 32. Nxd2 Qd6+ 33.
Rg3+ Kf7 34. Ne4 Qf4 35. f3 h5 36. Kg2 Qc1 37. Kh2 Qb2+ 38. Rg2 Qe5+ 39. Kg1
Ke7 40. Re2 Kd8 41. Kg2 h4 42. Rd2 a5 43. Kf1 Qf5 44. Kg2 Qe5 45. d6 a4 46. d7
a3 47. Kf2 Qh2+ 48. Ke3 Qh1 49. Ke2 Qg2+ 50. Ke3 Qg1+ 51. Kf4 Qc1 52. Kf5 Qxc4
53. Nd6 Qd4 54. Rxd4 cxd4 55. Ke6 1-0

[Event "Weekend Vitinia"]
[Site "Roma ITA"]
[Date "1998.11.??"]
[Round "5"]
[White "Occhipinti, Massimo"]
[Black "Martelli, Andrea"]
[Result "1-0"]
[WhiteElo "1695"]
[BlackElo "1800"]
[PlyCount "137"]
[EventDate "1998.11.07"]

1. e4 e6 2. Nf3 d5 3. Nc3 Nf6 4. e5 Nfd7 5. d3 c5 6. g3 Nc6 7. Bf4 Be7 8. h4
Qa5 9. Qd2 f6 10. exf6 Bxf6 11. Bg2 h6 12. Bd6 Nd4 13. Nxd4 Bxd4 14. O-O Qb6
15. Bf4 Qxb2 16. Nxd5 exd5 17. Bxd5 Kd8 18. Rab1 Qc3 19. Qe2 Nf6 20. Bxb7 Bg4
21. Bf3 Bxf3 22. Qxf3 Rc8 23. Rb7 Re8 24. Rxg7 Qb4 25. Bxh6 Re7 26. Rg6 Qb6 27.
Bg5 Rc6 28. h5 Ke8 29. Kg2 Kf7 30. Rb1 Qc7 31. Bf4 Qd7 32. Rb8 Rb6 33. Rh8 Qb7
34. Qxb7 Rbxb7 35. Rgh6 Rb2 36. Bd6 Rd7 37. Rf8+ Ke6 38. Bxc5 Bxc5 39. Rhxf6+
Ke7 40. R8f7+ Kd8 41. Rxd7+ Kxd7 42. c3 Rxa2 43. d4 Be7 44. Rf3 a5 45. h6 Rb2
46. c4 a4 47. c5 Rb3 48. h7 Rb8 49. Ra3 Rh8 50. Rxa4 Rxh7 51. f4 Kc6 52. Ra6+
Kd5 53. c6 Kxd4 54. c7 Rh8 55. Re6 Bc5 56. g4 Rc8 57. g5 Rxc7 58. Kf3 Rh7 59.
Kg4 Kd5 60. Re5+ Kd6 61. Re2 Rh1 62. f5 Rg1+ 63. Kh5 Kd7 64. f6 Ba3 65. f7 Rf1
66. Kg6 Bb4 67. Kg7 Bc3+ 68. Kg8 Rh1 69. f8=Q 1-0

[Event "Weekend Vitinia"]
[Site "Roma ITA"]
[Date "1998.11.??"]
[Round "5"]
[White "Pierangeli, Andrea"]
[Black "Puliatti, Carlo"]
[Result "1/2-1/2"]
[WhiteElo "1774"]
[BlackElo "1701"]
[PlyCount "106"]
[EventDate "1998.11.07"]

1. e4 e5 2. Nf3 Nc6 3. Bc4 Nf6 4. O-O Bc5 5. d3 d6 6. Bg5 h6 7. Bxf6 Qxf6 8. c3
Bg4 9. Nbd2 O-O 10. b4 Bb6 11. a4 a5 12. b5 Ne7 13. Qc2 Ng6 14. h3 Bd7 15. Nh2
Qf4 16. Ndf3 Kh8 17. Qd2 f5 18. Qxf4 Nxf4 19. Rfe1 fxe4 20. dxe4 Rf6 21. Ra2
Raf8 22. Rf1 Rg6 23. Nh4 Rg3 24. N2f3 Bxh3 25. Kh2 Rxf3 26. gxf3 Bxf1 27. Bxf1
g6 28. Ng2 Ne6 29. Kg3 Kg7 30. Ne3 Bxe3 31. fxe3 b6 32. Bd3 Nc5 33. Bc2 g5 34.
Ra1 h5 35. Rh1 Kg6 36. Rh2 Nd7 37. Rf2 Kh6 38. f4 g4 39. Rh2 Kg6 40. Bd1 Nc5
41. Bc2 Nd7 42. Bd1 Nf6 43. Bc2 Rc8 44. Rd2 Kf7 45. Kh4 Kg6 46. Rd1 Re8 47. Re1
Kh6 48. Rf1 Kg7 49. Kg5 Re7 50. Kh4 Kh6 51. fxe5 Ne8 52. exd6 Nxd6 53. Rf6+ Kg7
1/2-1/2

[Event "Weekend Vitinia"]
[Site "Roma ITA"]
[Date "1998.11.??"]
[Round "5"]
[White "Russi, Roberto"]
[Black "Vannelli, Vittorio"]
[Result "0-1"]
[WhiteElo "1600"]
[BlackElo "1741"]
[PlyCount "48"]
[EventDate "1998.11.07"]

1. c4 d6 2. Nc3 Nf6 3. Nf3 g6 4. d4 Bg7 5. e4 O-O 6. h3 e5 7. Be3 Nc6 8. Bd3
exd4 9. Nxd4 Bd7 10. O-O Ng4 11. hxg4 Bxd4 12. Nd5 Bxe3 13. Nxe3 Qg5 14. g3
Rae8 15. Kg2 Ne7 16. b4 f5 17. gxf5 gxf5 18. f4 Qg7 19. exf5 Bc6+ 20. Kf2 Qb2+
21. Nc2 Nxf5 22. Bxf5 Rxf5 23. Rb1 Qg7 24. Nd4 Rxf4+ 0-1

[Event "Weekend Vitinia"]
[Site "Roma ITA"]
[Date "1998.11.??"]
[Round "5"]
[White "Scacco, Mauro"]
[Black "Quimi, Marco"]
[Result "1/2-1/2"]
[WhiteElo "2020"]
[BlackElo "2250"]
[PlyCount "129"]
[EventDate "1998.11.07"]

1. e4 c5 2. Nc3 g6 3. Nge2 Bg7 4. g3 Nc6 5. Bg2 Nf6 6. O-O O-O 7. d3 d6 8. h3
Rb8 9. f4 Bd7 10. Be3 b5 11. Qd2 b4 12. Nd1 h5 13. a3 a5 14. axb4 axb4 15. c3
Ne8 16. Nf2 Na5 17. Qc2 Qb6 18. f5 Nc6 19. fxg6 fxg6 20. Nf4 Kh7 21. Nd5 Qd8
22. Bg5 Nf6 23. g4 hxg4 24. Bxf6 exf6 25. Nxg4 Bxg4 26. hxg4 Qd7 27. Bh3 Qe6
28. Ra6 Ne7 29. Nf4 Qe5 30. Qf2 bxc3 31. bxc3 Rf7 32. Qa2 d5 33. exd5 Nc8 34.
d6 Rfb7 35. Qe6 Qxc3 36. Qe4 Qd4+ 37. Qxd4 cxd4 38. Ne6 Rd7 39. g5 f5 40. Nxg7
Kxg7 41. Rc1 Nxd6 42. Rcc6 Rbd8 43. Bg2 Kf8 44. Bd5 Ke7 45. Kg2 Rb7 46. Kf3 Rb1
47. Ra7+ Rd7 48. Rcc7 Rxc7 49. Rxc7+ Kf8 50. Kf4 Re1 51. Rd7 Ne8 52. Rf7+ Kg8
53. Rxf5+ Kh7 54. Rf7+ Ng7 55. Be4 Rf1+ 56. Bf3 Kg8 57. Ra7 Ne6+ 58. Ke5 Nxg5
59. Bd5+ Kf8 60. Kxd4 Rf4+ 61. Be4 Rf6 62. Ra8+ Kg7 63. Ra7+ Kh6 64. Ra5 Rb6
65. Ke5 1/2-1/2

[Event "Weekend Vitinia"]
[Site "Roma ITA"]
[Date "1998.11.??"]
[Round "5"]
[White "Simeoni, Matteo"]
[Black "Farina, Saverio"]
[Result "0-1"]
[WhiteElo "2035"]
[BlackElo "2170"]
[PlyCount "134"]
[EventDate "1998.11.07"]

1. e4 e6 2. d4 d5 3. Nc3 c5 4. exd5 exd5 5. dxc5 Nf6 6. Be3 Be7 7. Bb5+ Nc6 8.
h3 O-O 9. Nge2 a6 10. Bxc6 bxc6 11. O-O Qc7 12. Ng3 Be6 13. Qf3 Nd7 14. Rfd1
Bxc5 15. Bxc5 Nxc5 16. Rd4 Qe5 17. Rh4 Nd7 18. Qd3 Nf6 19. Qd2 h6 20. Re1 Qg5
21. Qxg5 hxg5 22. Ra4 Rfb8 23. Nd1 a5 24. a3 c5 25. b4 axb4 26. Rxa8 Rxa8 27.
axb4 cxb4 28. Ne2 Ra1 29. f3 Kf8 30. Kf2 Ke7 31. Nd4 Kd6 32. Ke2 Nh5 33. Kd2
Nf4 34. Ne3 Rxe1 35. Kxe1 Bd7 36. Kf2 g6 37. Kg3 Ne6 38. Nb3 Nc5 39. Nd4 Ne6
40. Nb3 Nc5 41. Nd4 Ke5 42. Ne2 f5 43. Kf2 Bb5 44. Nc1 Bc4 45. g3 Kd4 46. Nd1
Na4 47. Ke1 Nc3 48. Nb2 Ke3 49. f4 gxf4 50. gxf4 Kxf4 51. Nbd3+ Bxd3 52. Nxd3+
Kg3 53. Nxb4 Kxh3 54. Kd2 Ne4+ 55. Ke3 Nf6 56. Kf4 Kh4 57. Ke5 Kg5 58. Nc6 Ng4+
59. Kd4 f4 60. Kd3 f3 61. Ne7 Nf6 62. Ke3 Kg4 63. Nxg6 Kg3 64. Nh4 Ng4+ 65. Kd4
Kxh4 66. Kxd5 f2 67. c4 Ne3+ 0-1

[Event "Weekend Vitinia"]
[Site "Roma ITA"]
[Date "1998.11.??"]
[Round "5"]
[White "Trebeschi, Andrea"]
[Black "Galdelli, Fabiano"]
[Result "1-0"]
[WhiteElo "1675"]
[BlackElo "1621"]
[PlyCount "93"]
[EventDate "1998.11.07"]

1. e4 c5 2. Nf3 e6 3. d4 cxd4 4. Nxd4 Nf6 5. Nc3 Bb4 6. Bd2 Nc6 7. Nxc6 bxc6 8.
e5 Bxc3 9. Bxc3 Nd5 10. Bd4 c5 11. Bc3 Qg5 12. Qd2 Qxd2+ 13. Bxd2 a5 14. O-O-O
Ba6 15. c4 Nb4 16. a3 Nc6 17. Bc3 Ke7 18. Be2 Rhc8 19. Rd2 Nd4 20. Bxd4 cxd4
21. Rxd4 Rc5 22. f4 Rac8 23. b3 Bb7 24. Rg1 f6 25. exf6+ gxf6 26. g3 Ba6 27.
Rgd1 d5 28. b4 axb4 29. axb4 R5c7 30. Kb2 Bxc4 31. Bxc4 Rxc4 32. Rxc4 Rxc4 33.
Kb3 Kd6 34. Ra1 Rc6 35. Ra8 d4 36. Rd8+ Kc7 37. Rxd4 Kb6 38. Rd7 e5 39. fxe5
fxe5 40. Rxh7 Re6 41. Rf7 e4 42. Rf2 Kb5 43. Re2 e3 44. g4 Re4 45. h3 Rxb4+ 46.
Kc3 Re4 47. Kd3 1-0

[Event "Weekend Vitinia"]
[Site "Roma ITA"]
[Date "1998.11.??"]
[Round "5"]
[White "Vignato, Giovanni"]
[Black "Micaloni, Mario"]
[Result "1-0"]
[WhiteElo "2150"]
[BlackElo "1702"]
[PlyCount "107"]
[EventDate "1998.11.07"]

1. d4 Nf6 2. Bg5 e6 3. e3 Be7 4. Bd3 Nc6 5. c3 b6 6. f4 Nd5 7. Bxe7 Qxe7 8. Qe2
g5 9. g3 gxf4 10. exf4 Bb7 11. Nf3 O-O-O 12. Nbd2 Kb8 13. O-O-O Nxc3 14. bxc3
Qa3+ 15. Kb1 Qxc3 16. Ne4 Qb4+ 17. Qb2 f5 18. Neg5 Rdf8 19. d5 Qxb2+ 20. Kxb2
Nb4 21. Ne5 Nxd3+ 22. Rxd3 Kc8 23. Ngf7 d6 24. Nxh8 dxe5 25. Nf7 e4 26. Rd4
Rxf7 27. dxe6 Re7 28. Rhd1 Bc6 29. Rd8+ Kb7 30. Rf8 Rxe6 31. Rxf5 Ba4 32. Rc1
Rd6 33. Rf7 Rd2+ 34. Ka3 Bc6 35. Rxh7 a5 36. Kb3 b5 37. Rc2 e3 38. Re7 Rd3+ 39.
Kb2 b4 40. Re2 Ba4 41. R7xe3 Rd1 42. Re5 Kb6 43. Re6+ Kb5 44. f5 c5 45. f6 Rf1
46. Re1 Rf2+ 47. Ka1 b3 48. axb3 Bxb3 49. R6e5 Kb4 50. R5e4+ c4 51. Rf4 Rd2 52.
f7 Kc3 53. Rf3+ Kc2 54. f8=Q 1-0

[Event "Weekend Vitinia"]
[Site "Roma ITA"]
[Date "1998.11.??"]
[Round "6"]
[White "Ciotoli, Patrizio"]
[Black "Scacco, Mauro"]
[Result "1-0"]
[WhiteElo "1947"]
[BlackElo "2020"]
[PlyCount "91"]
[EventDate "1998.11.07"]

1. e4 e5 2. Bc4 Nf6 3. d3 Bc5 4. Nc3 d6 5. h3 O-O 6. Nf3 c6 7. O-O b5 8. Bb3 a5
9. a4 b4 10. Ne2 Be6 11. Bxe6 fxe6 12. c3 bxc3 13. bxc3 Nbd7 14. d4 exd4 15.
cxd4 Bb4 16. e5 Nd5 17. Ng5 Qe8 18. Qc2 Rf5 19. Ng3 Rxg5 20. Bxg5 dxe5 21. dxe5
Nxe5 22. Qe4 Nf7 23. Qg4 Ne5 24. Qe2 Ng6 25. Bd2 Ngf4 26. Bxf4 Nxf4 27. Qc4 Nd5
28. Ne4 h6 29. Nc5 Rc8 30. Rfd1 Qe7 31. Ne4 Qf7 32. Rd3 Qh5 33. Rf3 Qe5 34. Rd1
Nb6 35. Qa6 Qxe4 36. Qxb6 Qc2 37. Rd8+ Rxd8 38. Qxd8+ Kh7 39. Qd3+ Qxd3 40.
Rxd3 Kg6 41. Kf1 Kf6 42. Ke2 Ke5 43. Kd1 Bc5 44. Ke2 Bd4 45. Rb3 Kd5 46. f3 {
...} 1-0

[Event "Weekend Vitinia"]
[Site "Roma ITA"]
[Date "1998.11.??"]
[Round "6"]
[White "Corvi, Marco"]
[Black "Chiaretti, Roberto"]
[Result "1-0"]
[WhiteElo "2305"]
[BlackElo "2220"]
[PlyCount "85"]
[EventDate "1998.11.07"]

1. e4 e5 2. Nf3 Nc6 3. Bb5 Nf6 4. O-O Nxe4 5. d4 Nd6 6. Bxc6 dxc6 7. dxe5 Nf5
8. Qxd8+ Kxd8 9. Bg5+ Ke8 10. Nc3 Be6 11. Rad1 h6 12. Bc1 Bb4 13. a3 Bxc3 14.
bxc3 c5 15. Nd2 Rd8 16. Rfe1 b6 17. f3 Ne7 18. Nf1 Ng6 19. f4 Ne7 20. Ne3 Nf5
21. h3 h5 22. Kf2 Nxe3 23. Bxe3 Rxd1 24. Rxd1 Bf5 25. Rd2 Ke7 26. Kf3 Rd8 27.
Rf2 Rd1 28. g4 hxg4+ 29. hxg4 Bc8 30. f5 Bb7+ 31. Kf4 Rh1 32. Kg5 a5 33. f6+
gxf6+ 34. exf6+ Ke6 35. Bf4 Kd5 36. Bxc7 Kc6 37. Bh2 Kb5 38. Kh6 Bd5 39. Kg7
Ka4 40. Bc7 Rg1 41. Rf4+ Kb5 42. c4+ Bxc4 43. a4+ 1-0

[Event "Weekend Vitinia"]
[Site "Roma ITA"]
[Date "1998.11.??"]
[Round "6"]
[White "Galdelli, Fabiano"]
[Black "Russi, Roberto"]
[Result "1-0"]
[WhiteElo "1621"]
[BlackElo "1600"]
[PlyCount "99"]
[EventDate "1998.11.07"]

1. e4 g6 2. d4 Bg7 3. Nc3 c6 4. f4 d5 5. exd5 cxd5 6. h3 Nc6 7. Nf3 Bf5 8. Be3
Nf6 9. Bd3 Bxd3 10. Qxd3 e6 11. O-O O-O 12. a3 Na5 13. Ne5 Rc8 14. Rf3 Nc4 15.
Bc1 a6 16. g4 Nd6 17. Bd2 Nfe4 18. g5 b5 19. Ne2 Bxe5 20. dxe5 Nc4 21. Bc1 Qa5
22. c3 Qa4 23. Nd4 Na5 24. Be3 Nc4 25. b3 Nxe3 26. bxa4 Rxc3 27. Qe2 Nf5 28.
Nxf5 gxf5 29. Rxc3 Nxc3 30. Qc2 Rc8 31. Rd1 Rc4 32. Rd3 Nxa4 33. Qd2 Nc5 34.
Rf3 d4 35. Qa5 Kg7 36. Qd8 Rc1+ 37. Rf1 Rc4 38. Qf6+ Kg8 39. Qd8+ Kg7 40. h4
Ne4 41. h5 Ng3 42. Qf6+ Kf8 43. Qd8+ Kg7 44. Qf6+ Kf8 45. Qd8+ Kg7 46. h6+ Kg6
47. Rf2 Kh5 48. g6 Rc1+ 49. Kg2 Ne4 50. g7 1-0

[Event "Weekend Vitinia"]
[Site "Roma ITA"]
[Date "1998.11.??"]
[Round "6"]
[White "Gardon, Ermanno"]
[Black "Simeoni, Matteo"]
[Result "1/2-1/2"]
[WhiteElo "2110"]
[BlackElo "2035"]
[PlyCount "20"]
[EventDate "1998.11.07"]

1. e4 c5 2. Nf3 d6 3. d4 cxd4 4. Nxd4 Nf6 5. Nc3 a6 6. f4 e5 7. Nf3 Qc7 8. a4
Nc6 9. Bd3 Be7 10. O-O O-O 1/2-1/2

[Event "Weekend Vitinia"]
[Site "Roma ITA"]
[Date "1998.11.??"]
[Round "6"]
[White "Guarnieri, Giuseppe"]
[Black "Puliatti, Carlo"]
[Result "0-1"]
[WhiteElo "1813"]
[BlackElo "1701"]
[PlyCount "102"]
[EventDate "1998.11.07"]

1. e4 e5 2. f4 exf4 3. Nf3 d5 4. e5 g5 5. Be2 Bg7 6. d4 Be6 7. O-O h6 8. b3 Ne7
9. Ba3 Nf5 10. c4 Ne3 11. Qd3 Nxf1 12. Kxf1 c6 13. Nc3 Qa5 14. Bd6 Na6 15. Rd1
Bf8 16. Bxf8 Kxf8 17. Nd2 Rd8 18. cxd5 Bxd5 19. Nc4 Bxc4 20. bxc4 Nc7 21. d5
cxd5 22. cxd5 Kg7 23. Qf5 Nxd5 24. Nxd5 Rxd5 25. Qf6+ Kg8 26. Rc1 Qd8 27. Qf5
Kg7 28. Bf3 Rd2 29. Kg1 Qb6+ 30. Kh1 Rhd8 31. h4 Qe6 32. Qe4 R2d4 33. Qxb7 Qxe5
34. Qxa7 Qe3 35. Rf1 Qd3 36. Re1 R8d7 37. Qb8 Qa6 38. Re8 Qd6 39. Rg8+ Kf6 40.
Qb5 Rd8 41. Rxd8 Qxd8 42. Qc6+ Qd6 43. Qe8 Kg7 44. a4 Rd3 45. Qe2 Re3 46. Qc4
Qe5 47. Bh5 Re1+ 48. Kh2 f3+ 49. g3 Qe2+ 50. Qxe2 Rxe2+ 51. Kh1 Re1+ 0-1

[Event "Weekend Vitinia"]
[Site "Roma ITA"]
[Date "1998.11.??"]
[Round "6"]
[White "Martelli, Andrea"]
[Black "Pierangeli, Andrea"]
[Result "1-0"]
[WhiteElo "1800"]
[BlackElo "1774"]
[PlyCount "107"]
[EventDate "1998.11.07"]

1. Nf3 Nf6 2. g3 b6 3. Bg2 Bb7 4. d4 e6 5. O-O c5 6. c4 cxd4 7. Qxd4 Nc6 8. Qd1
Rc8 9. b3 Be7 10. Bb2 O-O 11. Nc3 Qc7 12. e4 Rfd8 13. Qe2 Ne5 14. Rad1 Nxf3+
15. Bxf3 d6 16. Bg2 Ne8 17. Rd2 Bg5 18. Rd3 Qe7 19. Rfd1 Qf8 20. f4 Be7 21. Nb5
a6 22. Nd4 d5 23. exd5 exd5 24. Bxd5 Bxd5 25. cxd5 Bc5 26. Kg2 Nd6 27. Re1 Re8
28. Re3 Rxe3 29. Qxe3 h6 30. Qe7 Qxe7 31. Rxe7 Nc4 32. d6 Nxd6 33. Re2 g6 34.
Kf3 h5 35. h3 Re8 36. Rxe8+ Nxe8 37. Nc6 b5 38. Ke4 Nc7 39. g4 hxg4 40. hxg4
Bd6 41. f5 gxf5+ 42. gxf5 Kf8 43. Be5 Bxe5 44. Kxe5 Ne8 45. b4 Ng7 46. Nb8 Ke8
47. Nxa6 Kd7 48. Kf6 Nxf5 49. Kxf5 Kc6 50. Kf6 Kd5 51. Kxf7 Kc4 52. Ke6 Kc3 53.
Kd5 Kb2 54. Kc5 1-0

[Event "Weekend Vitinia"]
[Site "Roma ITA"]
[Date "1998.11.??"]
[Round "6"]
[White "Micaloni, Mario"]
[Black "Trebeschi, Andrea"]
[Result "1/2-1/2"]
[WhiteElo "1702"]
[BlackElo "1675"]
[PlyCount "105"]
[EventDate "1998.11.07"]

1. e4 d6 2. d4 Nf6 3. Bd3 g6 4. c4 Bg7 5. Ne2 O-O 6. Nbc3 Nbd7 7. f4 c5 8. d5
e6 9. O-O exd5 10. exd5 Ng4 11. h3 Nh6 12. Qc2 f5 13. Bd2 Nf6 14. Be1 Bd7 15.
Bh4 Qc7 16. Rae1 Rae8 17. Ng3 a6 18. a4 Qc8 19. Nd1 Rxe1 20. Rxe1 Re8 21. Ne3
Re7 22. b3 Qe8 23. Qd2 Nf7 24. Kf1 Qc8 25. Re2 Re8 26. Qc1 Nh6 27. Nh1 Nh5 28.
g3 Bd4 29. Qd2 Bg7 30. Kg2 Nf6 31. Nf2 Nf7 32. Kf3 h6 33. g4 g5 34. Bg3 fxg4+
35. Nexg4 Nxg4 36. hxg4 Rxe2 37. Qxe2 gxf4 38. Bxf4 Ne5+ 39. Bxe5 Bxe5 40. Qe4
Qf8+ 41. Kg2 Qg7 42. Qg6 Qxg6 43. Bxg6 Kg7 44. Bh5 b5 45. axb5 axb5 46. Kf3
bxc4 47. bxc4 Ba4 48. Ke4 Kf6 49. g5+ Kxg5 50. Be2 Bc2+ 51. Kf3 Bd4 52. Ne4+
Bxe4+ 53. Kxe4 1/2-1/2

[Event "Weekend Vitinia"]
[Site "Roma ITA"]
[Date "1998.11.??"]
[Round "6"]
[White "Occhipinti, Massimo"]
[Black "Vignato, Giovanni"]
[Result "0-1"]
[WhiteElo "1695"]
[BlackElo "2150"]
[PlyCount "178"]
[EventDate "1998.11.07"]

1. Nf3 d5 2. g3 c5 3. Bg2 Nc6 4. O-O e5 5. d3 f6 6. e4 d4 7. Nbd2 Bg4 8. h3 Bh5
9. g4 Bf7 10. b3 Bd6 11. a4 Nge7 12. Nc4 Be6 13. Nh4 Bc7 14. Nf5 Nxf5 15. gxf5
Bxc4 16. bxc4 Qe7 17. Bd2 Ba5 18. Bxa5 Nxa5 19. Bf3 O-O-O 20. Qb1 Nc6 21. Qb5
Nb4 22. a5 Nxc2 23. Ra2 Nb4 24. Ra3 Qc7 25. Rb1 Qc6 26. Bd1 a6 27. Qa4 Qxa4 28.
Bxa4 Kc7 29. Kg2 g6 30. fxg6 hxg6 31. Rh1 Rh4 32. Bd1 f5 33. Bf3 Rdh8 34. Rb3
Rf8 35. Rf1 Rf4 36. Kg3 Rf7 37. Rh1 fxe4 38. Bxe4 Rxf2 39. h4 R7f4 40. h5 gxh5
41. Rxh5 Kd6 42. Rh6+ Rf6 43. Rxf6+ Rxf6 44. Bxb7 Rf1 45. Bxa6 Rg1+ 46. Kf2 Ra1
47. Bb7 Rxa5 48. Be4 Ra2+ 49. Kf3 Kc7 50. Bf5 Kd6 51. Be4 Ke6 52. Kg4 Ra1 53.
Kf3 Kf6 54. Rb2 Ra3 55. Rd2 Ra2 56. Rxa2 Nxa2 57. Bh7 Nc3 58. Kg4 Na4 59. Be4
Nb6 60. Bc6 Nc8 61. Kf3 Nd6 62. Bd5 Kf5 63. Bg8 Kf6 64. Bd5 Kg5 65. Bc6 Kh4 66.
Bd5 Kg5 67. Bc6 Kf5 68. Bd5 e4+ 69. dxe4+ Ke5 70. Ke2 Nxe4 71. Kd3 Nf6 72. Bf3
Kf4 73. Bd1 Ng4 74. Ba4 Ne5+ 75. Kc2 Nxc4 76. Bb3 Ne5 77. Kd2 Ke4 78. Bc2+ Kd5
79. Bd1 c4 80. Bh5 d3 81. Kc3 Ke4 82. Kd2 Kd4 83. Bd1 c3+ 84. Kc1 Ke3 85. Bb3
Ke2 86. Bd1+ Ke1 87. Bh5 Nc4 88. Kb1 Ne3 89. Ka2 c2 0-1

[Event "Weekend Vitinia"]
[Site "Roma ITA"]
[Date "1998.11.??"]
[Round "6"]
[White "Quimi, Marco"]
[Black "Farina, Saverio"]
[Result "0-1"]
[WhiteElo "2250"]
[BlackElo "2170"]
[PlyCount "134"]
[EventDate "1998.11.07"]

1. e4 e6 2. d4 d5 3. e5 c5 4. c3 Qb6 5. Nf3 Nc6 6. a3 c4 7. Nbd2 f6 8. g3 fxe5
9. Nxe5 Nxe5 10. dxe5 Bc5 11. Qe2 Ne7 12. Bg2 O-O 13. O-O Bd7 14. Rb1 Ba4 15.
Nf3 Be8 16. Be3 Bg6 17. Bxc5 Qxc5 18. Rbd1 Bd3 19. Rxd3 cxd3 20. Qxd3 Qc4 21.
Qxc4 dxc4 22. Nd4 Kf7 23. f4 Nf5 24. Nf3 Ke7 25. Re1 h5 26. Nd2 Rac8 27. Bh3
Rfd8 28. Ne4 g6 29. Kf2 Rd5 30. Bf1 b5 31. h3 Rcd8 32. g4 Nh6 33. Kg3 hxg4 34.
hxg4 Rd1 35. Rxd1 Rxd1 36. Bh3 Rb1 37. Kh4 Nf7 38. Nc5 Rxb2 39. f5 exf5 40. e6
Ne5 41. gxf5 gxf5 42. Bxf5 Ra2 43. Na6 Nc6 44. Nc7 Kf6 45. Be4 Ne7 46. Nxb5
Kxe6 47. Kg4 Ke5 48. Bb7 a5 49. Kf3 Nf5 50. Bc6 Nd6 51. Nd4 Rxa3 52. Ne2 Nc8
53. Ke3 Nb6 54. Bb5 Nd5+ 55. Kf2 Nxc3 56. Bxc4 Nxe2 57. Kxe2 Kd4 58. Bg8 Kc3
59. Kd1 Ra1+ 60. Ke2 a4 61. Ke3 Re1+ 62. Kf2 Re7 63. Kf3 a3 64. Kf4 Kb2 65. Kf5
a2 66. Bxa2 Kxa2 67. Kf6 Re3 0-1

[Event "Weekend Vitinia"]
[Site "Roma ITA"]
[Date "1998.11.??"]
[Round "6"]
[White "Spano' Cuomo, Gaetano"]
[Black "Siraco, Maurizio"]
[Result "0-1"]
[WhiteElo "1776"]
[BlackElo "2165"]
[PlyCount "72"]
[EventDate "1998.11.07"]

1. d4 Nf6 2. c4 e5 3. dxe5 Ng4 4. Nf3 Bc5 5. e3 Nc6 6. Nc3 O-O 7. Be2 Ngxe5 8.
Nxe5 Nxe5 9. O-O d6 10. Na4 Qe7 11. Nxc5 dxc5 12. b3 Bf5 13. Bb2 Rad8 14. Qc1
Rd6 15. Qc3 f6 16. Rad1 Rfd8 17. Rxd6 Rxd6 18. Qc1 Nd3 19. Bxd3 Rxd3 20. Re1
Qd7 21. e4 Bxe4 22. f3 Bg6 23. Bc3 h5 24. Kf2 Qd6 25. h3 h4 26. a3 Qg3+ 27. Kf1
Rxf3+ 28. gxf3 Bd3+ 29. Re2 Qxf3+ 30. Kg1 Bxe2 31. Qe1 Kf7 32. Ba5 b6 33. Bd2
g5 34. b4 Bd3 35. bxc5 Be4 36. Qf1 Qg3+ 0-1

[Event "Weekend Vitinia"]
[Site "Roma ITA"]
[Date "1998.11.??"]
[Round "6"]
[White "Vannelli, Vittorio"]
[Black "De Carolis, Massimo"]
[Result "1/2-1/2"]
[WhiteElo "1741"]
[BlackElo "1726"]
[PlyCount "124"]
[EventDate "1998.11.07"]

1. e4 g6 2. d4 Bg7 3. Nc3 d6 4. Bc4 Nf6 5. Qe2 e5 6. dxe5 dxe5 7. Bd2 O-O 8.
O-O-O Qe7 9. Bg5 c6 10. Qd2 Be6 11. Bxe6 Qxe6 12. Nf3 Nbd7 13. Qd6 Rfe8 14.
Qxe6 Rxe6 15. Rhe1 Ree8 16. h3 Nc5 17. b4 Ne6 18. Be3 Bf8 19. Nxe5 Bxb4 20. Bd2
Rad8 21. Nd3 Ba3+ 22. Kb1 Nd7 23. f4 Nec5 24. Be3 Nxe4 25. Nxe4 Rxe4 26. Bxa7
Rxe1 27. Nxe1 Re8 28. Nf3 Re7 29. Rd3 Bc5 30. Rxd7 Rxd7 31. Bxc5 f6 32. Kc1 Rd5
33. Bd4 Kf7 34. c4 Rd7 35. Kc2 h6 36. a4 g5 37. fxg5 hxg5 38. Kc3 Re7 39. Kd3
Kg6 40. Bc5 Re8 41. Nd4 Ra8 42. Ne6 Kf7 43. Nd4 Rxa4 44. Nf5 Ke6 45. Ng7+ Kf7
46. Nf5 b5 47. cxb5 cxb5 48. Nd6+ Ke6 49. Nxb5 Ra2 50. g3 Rh2 51. Ba7 Rxh3 52.
Nd4+ Kd5 53. Bb8 Rh1 54. Nf3 Rb1 55. Bc7 Rb3+ 56. Ke2 Rb2+ 57. Kd3 Kc6 58. Bd8
Rg2 59. Nd4+ Kd7 60. Bxf6 Rxg3+ 61. Ke4 Rg4+ 62. Kd5 Rxd4+ 1/2-1/2

[Event "Weekend Vitinia"]
[Site "Roma ITA"]
[Date "1998.11.??"]
[Round "7"]
[White "De Carolis, Massimo"]
[Black "Occhipinti, Massimo"]
[Result "0-1"]
[WhiteElo "1726"]
[BlackElo "1695"]
[PlyCount "90"]
[EventDate "1998.11.07"]

1. d4 Nf6 2. Nf3 g6 3. c4 Bg7 4. Nc3 O-O 5. e4 d6 6. Be2 e5 7. dxe5 dxe5 8.
Qxd8 Rxd8 9. Bg5 Re8 10. O-O-O h6 11. Bxf6 Bxf6 12. Nd5 Bd8 13. Nd2 c6 14. Nc3
Bb6 15. Rhf1 Nd7 16. Nb3 Nf6 17. c5 Bc7 18. h3 b5 19. Bf3 a5 20. Kb1 a4 21. Nc1
b4 22. N3e2 Be6 23. Nd3 Reb8 24. Nec1 Nd7 25. Be2 Ra5 26. f4 exf4 27. Nxf4 Bxf4
28. Rxf4 Nxc5 29. Rd6 g5 30. Rf1 Nxe4 31. Rd4 f5 32. Bf3 c5 33. Rdd1 c4 34.
Bxe4 fxe4 35. Rd6 Re5 36. Rf6 Bf5 37. g4 Bh7 38. Ne2 e3+ 39. Kc1 Bd3 40. Kd1 a3
41. bxa3 bxa3 42. Rb6 Rb5 43. Rxb8+ Rxb8 44. Nc3 Rb2 45. Ra6 Rh2 0-1

[Event "Weekend Vitinia"]
[Site "Roma ITA"]
[Date "1998.11.??"]
[Round "7"]
[White "Farina, Saverio"]
[Black "Chiaretti, Roberto"]
[Result "0-1"]
[WhiteElo "2170"]
[BlackElo "2220"]
[PlyCount "98"]
[EventDate "1998.11.07"]

1. d4 Nf6 2. c4 e6 3. a3 d5 4. Nc3 Be7 5. Nf3 O-O 6. e3 b6 7. cxd5 exd5 8. Bd3
Bb7 9. O-O Nbd7 10. b3 a6 11. Bb2 Bd6 12. Ne2 Qe7 13. Ng3 g6 14. Qe2 Ne4 15.
Rfc1 f5 16. Nd2 Ndf6 17. Ngf1 b5 18. Rc2 Rae8 19. f3 Ng5 20. f4 Ne6 21. Nf3 c5
22. dxc5 Bxc5 23. b4 Nxf4 24. Qd2 Bb6 25. Kh1 Nxd3 26. Qxd3 Ne4 27. Bd4 Bxd4
28. Qxd4 Nd6 29. a4 Nc4 30. axb5 axb5 31. Ra7 Rf7 32. h4 h6 33. Rca2 Kh7 34. h5
g5 35. Qd3 Qe4 36. Qd4 g4 37. Ng3 Qe7 38. Nh2 Qxe3 39. Rxb7 Qxd4 40. Rxf7+ Kg8
41. Raa7 Re1+ 42. Nhf1 f4 43. Rfb7 Qxa7 44. Rxa7 fxg3 45. Ra8+ Kf7 46. Ra7+ Kf6
47. Ra6+ Ke5 48. Kg1 Ne3 49. Ra1 Rxa1 0-1

[Event "Weekend Vitinia"]
[Site "Roma ITA"]
[Date "1998.11.??"]
[Round "7"]
[White "Ferri, Stefano"]
[Black "Gardon, Ermanno"]
[Result "1-0"]
[WhiteElo "2090"]
[BlackElo "2110"]
[PlyCount "45"]
[EventDate "1998.11.07"]

1. d4 e6 2. c4 Nf6 3. Nf3 d5 4. Nc3 c5 5. cxd5 exd5 6. g3 Nc6 7. Bg2 Be7 8. O-O
O-O 9. Bf4 Be6 10. Rc1 Rc8 11. dxc5 Bxc5 12. Ng5 Be7 13. Nxe6 fxe6 14. Bh3 Kf7
15. Re1 Qb6 16. e4 d4 17. e5 dxc3 18. exf6 Rcd8 19. Qh5+ Kg8 20. Bxe6+ Kh8 21.
fxg7+ Kxg7 22. Rxc3 Nd4 23. Qh6+ 1-0